| 000 | 00485nam a2200181Ia 4500 | ||
|---|---|---|---|
| 008 | 230718s9999 xx 000 0 und d | ||
| 020 | _a9789812406255 | ||
| 041 | _aeng | ||
| 082 |
_a629.89 _bDUN |
||
| 100 | _aDunning G. | ||
| 245 | _aIntroduction to Programmable Logic Controllers | ||
| 250 | _a2nd | ||
| 260 |
_c2005 _bThomson Delmar learning |
||
| 300 |
_a516 _dRef 262 I (12471) |
||
| 365 |
_cRs. _b329.55 |
||
| 700 | _aDunning G. | ||
| 906 |
_dB:80404-Dec-2001 _cINST _b49.43 |
||
| 999 |
_c302676 _d302676 |
||